John, whom Jesus loved. (Record no. 5136)

000 -LEADER
fixed length control field 00530nam a2200181 a 4500
001 - CONTROL NUMBER
control field :::00002877$&:&@@
003 - CONTROL NUMBER IDENTIFIER
control field OkBaRHE
005 - DATE AND TIME OF LATEST TRANSACTION
control field 20000607103257.0
008 - FIXED-LENGTH DATA ELEMENTS--GENERAL INFORMATION
fixed length control field j 000 0 eng u
040 ## - CATALOGING SOURCE
Transcribing agency
100 1# - MAIN ENTRY--PERSONAL NAME
Personal name Culross, James.
245 10 - TITLE STATEMENT
Title John, whom Jesus loved.
260 ## - PUBLICATION, DISTRIBUTION, ETC. (IMPRINT)
Place of publication, distribution, etc London, UK:EN., :
Name of publisher, distributor, etc Morgan and Scott
Date of publication, distribution, etc nd
300 ## - PHYSICAL DESCRIPTION
Extent 244 p. ;
Dimensions 19 cm.
650 ## - SUBJECT ADDED ENTRY--TOPICAL TERM
Topical term or geographic name as entry element John, Saint, apostle
942 ## - ADDED ENTRY ELEMENTS (KOHA)
Source of classification or shelving scheme
Koha item type Books
Copies
Withdrawn status Source of classification or shelving scheme Damaged status Koha item type Permanent Location Date last seen Not for loan Barcode Lost status Copy number Full call number Shelving location Price effective from Date acquired
   BooksRHEMA Bible Training College2018-03-16 2877 1BS 2455 .C782General Stacks2010-04-142010-04-14